Zlatá horúčka Venezuela : od ropnej veľmoci k úpadku ľudskej civilizácie

Bibliographic Details
Main Author: Forró, Tomáš, 1979- (Author, Photographer)
Format: Book
Language:Slovak
PhysicalDescription:246 strán, 6 nečíslovaných strán obrazových príloh farebné fotografie, mapy 22 cm
Published: Bratislava N Press, s.r.o. 2021
ISBN:9788082300065
Edition:Vydanie prvé
Subjects:

MARC

LEADER 00000cam a2200000 4500
001 vtls012067438
003 SK-MaSNL
005 20260301191509.0
008 210903s2021 xo ob gr 000 0 slo
015 |a SNBA2023/05 
020 |a 9788082300065  |q (brožované) 
040 |a SNK  |b slo  |c SNK  |e rda 
041 0 |a slo 
043 |a s-ve--- 
044 |a xo  |c SK 
072 7 |a 94(87)  |x Dejiny Venezuely  |2 konspekt 
072 7 |a 323  |x Vnútropolitický vývoj, politický život  |2 konspekt 
080 |a 316.72/.75  |2 2011 
080 |a 338  |2 2011 
080 |a 338.124.4  |2 2011 
080 |a 328/329  |2 2011 
080 |a (=87)  |2 2011 
080 |a (87)  |2 2011 
080 |a (0:82-4)  |2 2011 
080 |a 622.342  |2 2001 
080 |a 321.6  |2 2011 
080 |a 308  |2 2011 
100 1 |a Forró, Tomáš,  |d 1979-  |4 aut  |4 pht  |9 205295 
245 1 0 |a Zlatá horúčka  |b Venezuela : od ropnej veľmoci k úpadku ľudskej civilizácie  |c Tomáš Forró 
246 3 4 |a Venezuela  |b od ropnej veľmoci k úpadku ľudskej civilizácie 
250 |a Vydanie prvé 
264 1 |a Bratislava  |b N Press, s.r.o.  |c 2021 
300 |a 246 strán, 6 nečíslovaných strán obrazových príloh  |b farebné fotografie, mapy  |c 22 cm 
336 |a text  |b txt  |2 rdacontent 
337 |a bez média  |b n  |2 rdamedia 
338 |a zväzok  |b nc  |2 rdacarrier 
500 |a Obsahuje poznámky 
648 7 |a 2020  |2 SNKPH  |9 340435 
648 7 |a 21. storočie  |2 SNKPH  |9 301294 
648 7 |a 21st century  |2 SNKPHeng  |9 303236 
650 0 7 |a spoločenské pomery  |2 SNKPH  |9 3880 
650 0 7 |a hospodárske pomery  |2 SNKPH  |9 2287 
650 0 7 |a hospodárska kríza  |2 SNKPH  |9 2278 
650 0 7 |a Indiáni Južnej Ameriky  |2 SNKPH  |9 107027 
650 0 7 |a Social conditions  |2 SNKPHeng  |9 265818 
650 0 7 |a Economic conditions  |2 SNKPHeng  |9 265817 
650 0 7 |a Economic crises  |2 SNKPHeng  |9 320186 
650 0 7 |a Indians of South America  |2 SNKPHeng  |9 384385 
650 0 7 |a Politics and government  |2 SNKPHeng  |9 280895 
650 0 7 |a politika a vláda  |2 SNKPH  |9 3868 
650 0 7 |a ťažba zlata  |2 SNKPH  |9 84919 
650 0 7 |a Gold mining  |2 SNKPHeng  |9 355846 
650 0 7 |a diktatúra  |2 SNKPH  |9 4144 
650 0 7 |a dictatorship  |2 SNKPHeng  |9 281686 
650 0 7 |a sociálne pomery  |2 SNKPH  |9 3879 
651 7 |a Venezuela  |2 SNKPHgeo  |9 15800 
651 7 |a Venezuela (Bolivarian Republic of)  |2 SNKPHeng  |9 351351 
655 7 |a reportáže  |2 SNKPH  |9 28856 
655 7 |a Reportage  |2 SNKPHeng  |9 281562 
852 |a Slovenská národná knižnica 
919 |a 978-80-8230-006-5 
954 |a odborná, vedecká literatúra pôvodná (slovenská)  |2 lita 
999 |c 871249  |d 873179 
952 |a SNK  |b SNK  |y NEVYP  |7 1  |p 17A1309760  |o snkSC 199084  |i snk2022/14291  |8 0  |0 0  |1 0  |4 0  |d 2022-09-19  |l 0  |r 2025-10-21 00:00:00  |w 2026-02-24 
952 |a SNK  |b SNK  |y VYP  |7 0  |p 17A1494042  |o snkSC 199084 D1  |i snk2022/14292  |8 0  |0 0  |1 0  |4 0  |d 2022-09-19  |l 0  |r 2026-02-24 05:42:33  |w 2026-02-24